| 000 | 00518nam a2200205 a 4500 | ||
|---|---|---|---|
| 001 | 5357 | ||
| 003 | CO-ViMGA | ||
| 008 | 141112s2004 ck r 000 u spa d | ||
| 020 | _a8432230022 | ||
| 040 |
_aCO-ViMGA _bspa _cCO-ViMGA |
||
| 082 | 0 | 4 | _aCu863.42 C176a |
| 100 | 1 | _aCarpentier, Alejo | |
| 245 | 1 | 0 | _aEl siglo de las luces |
| 260 |
_aBarcelona : _bSeix Barral, _c1988 |
||
| 300 | _a364 p | ||
| 490 | _aBiblioteca de bolsillo | ||
| 590 | _aEjemplares : 2 | ||
| 650 | 1 | 4 |
_aNOVELA CUBANA _92121 |
| 942 |
_2ddc _cBK |
||
| 999 |
_c17352 _d17352 |
||